1626 1369 1355 1226 1487 1754 1392 1996 1677 1899 1826 1486 1801 1977 1310 1978 1270 1987 1105 1525 1006 1276 1681 1387 1758 1638 1071 1046 1600 1624 1185 1848 1947 1080 1047 1646 1884 1452 1193 1923 1125 1533 1685 1067 1602 1196 1292 1242 1878 1292 1928 1980 1860 1376 1271 1003 1859 1593 1116 1829 1352 1506 1068 1883 1071 1872 1112 1811 1282 1024 1484 1950 1564 1887 1202 1399 1741 1198 1653 1755 1256 1724 1477 1340 1720 1312 1391 1548 1804 1635 1151 1561 1939 1700 1841 1316 1081 1465 1573 BCNSPRNW ULIB Ver.6.0+V

เปลี่ยนเป็นภาษาไทย

Change to English
 แสดงรายละเอียดบรรณานุกรม
  กลับหน้าหลัก

Brief Record : Get Marc (ISO 2709) : E-mail record : QR code < ปิดหน้าต่าง
LEADER : 00000nam 2200000uu 4500
001    13399111876
003     ULIB
008    110711s2549||||th 000 0 tha d
050 04 DS586^bก169ผ 2549
245 00 ผลงานประจำปี 2549 สถาบันมะเร็งแห่งชาติ/^cคณะบริหารจังหวัดนครสวรรค์
260    นครสวรรค์ :^bกรมการแพทย์ กระทรวงสาธารณสุข,^c2549
300    144 หน้า ;^c30 ซม
650  7 ผลงานด้านการถ่ายทอดองค์ความรู้และเทคโนโลยี
650  7 ผลงานด้านการพัฒนาคุณภาพ
650  7 ผลงานด้านการพัฒนาบุคลากรในหน่วยงาน
650  7 ผลงานด้านการศึกษาวิเคราะห์วิจัยโรคมะเร็ง
650  7 ผลงานด้านการสนับสนุนทางวิชาการ
650  7 ผลงานด้านบริการ
945    ^p0^l0^i023395
995    ทศพร
999 ^a ใช้งานได้ทุกระบบ
รายการนี้ยังไม่มีแท็ก
คุณยังไม่ได้ล็อกอิน คุณสามารถมีกิจกรรมร่วมกับเว็บไซต์ได้ แต่ต้องล็อกอินก่อน ::
  ล็อกอิน

รายการสื่อสารสนเทศ

ลำดับที่ ประเภท เลขเรียก/บาร์โค้ด สถานที่ สถานะ
- ไม่พบข้อมูล -

BibComment


ยังไม่เคยถูกคอมเมนท์

คอมเมนท์ทรัพยากรรายการนี้
  คอมเมนท์: ผลงานประจำปี 2549..


 Copyright 2026. Bcnsprnw @Library